000
00366nam a2200133Ia 4500
008
151001s9999||||xx |||||||||||||| ||und||
100
_a
शिरीष कणेकर
245
_a
फिल्लमबाजी
250
_a
1
260
_b
विजय प्रकाशन नागपूर
260
_c
1980
300
_a
167
365
_b
21
999
_c
963428
_d
963425